LEADER 01665oam 2200469M 450 001 9910716237103321 005 20200213070518.6 035 $a(CKB)5470000002519756 035 $a(OCoLC)1065802224 035 $a(OCoLC)995470000002519756 035 $a(EXLCZ)995470000002519756 100 $a20071213d1926 ua 0 101 0 $aeng 135 $aurcn||||||||| 181 $ctxt$2rdacontent 182 $cc$2rdamedia 183 $acr$2rdacarrier 200 10$aHilbert Edison and Ralph R. Walton. January 1 (calendar day, February 3), 1926. -- Ordered to be printed 210 1$a[Washington, D.C.] :$c[U.S. Government Printing Office],$d1926. 215 $a1 online resource (6 pages) 225 1 $aSenate report / 69th Congress, 1st session. Senate ;$vno. 133 225 1 $a[United States congressional serial set ] ;$v[serial no. 8527] 300 $aBatch processed record: Metadata reviewed, not verified. Some fields updated by batch processes. 300 $aFDLP item number not assigned. 517 $aHilbert Edison and Ralph R. Walton. January 1 606 $aClaims 606 $aPersonal belongings 606 $aShipwrecks 608 $aLegislative materials.$2lcgft 615 0$aClaims. 615 0$aPersonal belongings. 615 0$aShipwrecks. 701 $aTyson$b Lawrence Davis$f1861-1929$pDemocrat (TN)$01388519 801 0$bWYU 801 1$bWYU 801 2$bOCLCO 801 2$bOCLCQ 801 2$bOCLCO 906 $aBOOK 912 $a9910716237103321 996 $aHilbert Edison and Ralph R. Walton. January 1 (calendar day, February 3), 1926. -- Ordered to be printed$93505492 997 $aUNINA LEADER 06965nam 22008175 450 001 9910484473803321 005 20251226195512.0 010 $a3-642-04205-8 024 7 $a10.1007/978-3-642-04205-8 035 $a(CKB)1000000000772864 035 $a(SSID)ssj0000317133 035 $a(PQKBManifestationID)11246645 035 $a(PQKBTitleCode)TC0000317133 035 $a(PQKBWorkID)10288937 035 $a(PQKB)11665011 035 $a(DE-He213)978-3-642-04205-8 035 $a(MiAaPQ)EBC3064471 035 $a(PPN)139955453 035 $a(EXLCZ)991000000000772864 100 $a20100301d2009 u| 0 101 0 $aeng 135 $aurnn#008mamaa 181 $ctxt 182 $cc 183 $acr 200 10$aDatabase Systems for Advanced Applications $eDASFAA 2009 International Workshops: BenchmaX, MCIS, WDPP, PPDA, MBC, PhD, Brisbane, Australia, April 20-23, 2009 /$fedited by Lei Chen, Chengfei Liu, Qing Liu, Ke Deng 205 $a1st ed. 2009. 210 1$aBerlin, Heidelberg :$cSpringer Berlin Heidelberg :$cImprint: Springer,$d2009. 215 $a1 online resource (XV, 376 p.) 225 1 $aInformation Systems and Applications, incl. Internet/Web, and HCI,$x2946-1642 ;$v5667 300 $aBibliographic Level Mode of Issuance: Monograph 311 08$a3-642-04204-X 327 $aFirst International Workshop on Benchmarking of XML and Semantic Web Applications (BenchmarX?09)) -- Workshop Organizers? Message -- Current Approaches to XML Benchmarking -- TJDewey ? On the Efficient Path Labeling Scheme Holistic Approach -- The XMLBench Project: Comparison of Fast, Multi-platform XML libraries -- A Synthetic, Trend-Based Benchmark for XPath -- An Empirical Evaluation of XML Compression Tools -- Benchmarking Performance-Critical Components in a Native XML Database System -- On Benchmarking Transaction Managers -- Second International Workshop on Managing Data Quality in Collaborative Information Systems and First International Workshop on Data and Process Provenance (MCIS?09 & WDPP?09) -- Workshop Organizers? Message -- Data Provenance Support in Relational Databases for Stored Procedures -- A Vision and Agenda for Theory Provenance in Scientific Publishing -- Probabilistic Ranking in Uncertain Vector Spaces -- Logical Foundations for Similarity-Based Databases -- Tailoring Data Quality Models Using Social Network Preferences -- The Effect of Data Quality Tag Values and Usable Data Quality Tags on Decision-Making -- Predicting Timing Failures in Web Services -- A Two-Tire Index Structure for Approximate String Matching with Block Moves -- First International Workshop on Privacy-Preserving Data Analysis (PPDA?09) -- Workshop Organizers? Message -- Privacy Risk Diagnosis: Mining l-Diversity -- Towards Preference-Constrained k-Anonymisation -- Privacy FP-Tree -- Classification with Meta-learning in Privacy Preserving Data Mining -- Importance of Data Standardization in Privacy-Preserving K-Means Clustering -- First International Workshop on Mobile Business Collaboration (MBC?09) -- Workshop Organizers? Message -- A Decomposition Approach with Invariant Analysisfor Workflow Coordination -- An Efficient P2P Range Query Processing Approach for Multi-dimensional Uncertain Data -- Flexibility as a Service -- Concept Shift Detection for Frequent Itemsets from Sliding Windows over Data Streams -- A Framework for Mining Stochastic Model of Business Process in Mobile Environments -- DASFAA 2009 PhD Workshop -- Workshop Organizers? Message -- Encryption over Semi-trusted Database -- Integration of Domain Knowledge for Outlier Detection in High Dimensional Space -- Towards a Spreadsheet-Based Service Composition Framework. 330 $aDASFAA is an annual international database conference, located in the Asia- Paci?cregion,whichshowcasesstate-of-the-artR & Dactivities in databases- tems and their applications. It provides a forum for technical presentations and discussions among database researchers, developers and users from academia, business and industry. DASFAA 2009, the 14th in the series, was held during April 20-23, 2009 in Brisbane, Australia. In this year, we carefully selected six workshops, each focusing on speci?c research issues that contribute to the main themes of the DASFAA conference. Thisvolumecontainsthe?nalversionsofpapersacceptedforthesesixworkshops that were held in conjunction with DASFAA 2009. They are: ? First International Workshop on Benchmarking of XML and Semantic Web Applications (BenchmarX 2009) ? Second International Workshop on Managing Data Quality in Collaborative Information Systems (MCIS 2009) ? First International Workshop on Data and Process Provenance (WDPP 2009) ? First International Workshop on Privacy-Preserving Data Analysis (PPDA 2009) ? FirstInternationalWorkshoponMobileBusinessCollaboration(MBC2009) ? DASFAA 2009 PhD Workshop All the workshops were selected via a public call-for-proposals process. The workshop organizers put a tremendous amount of e?ort into soliciting and - lecting papers with a balance of high quality, new ideas and new applications. We asked all workshops to follow a rigid paper selection process, including the procedure to ensure that any Program Committee members are excluded from the paper review process of any paper they are involved with. A requirement about the overall paper acceptance rate of no more than 50% was also imposed on all the workshops. 410 0$aInformation Systems and Applications, incl. Internet/Web, and HCI,$x2946-1642 ;$v5667 606 $aComputer networks 606 $aData mining 606 $aDatabase management 606 $aInformation storage and retrieval systems 606 $aApplication software 606 $aComputer Communication Networks 606 $aData Mining and Knowledge Discovery 606 $aDatabase Management 606 $aInformation Storage and Retrieval 606 $aComputer and Information Systems Applications 615 0$aComputer networks. 615 0$aData mining. 615 0$aDatabase management. 615 0$aInformation storage and retrieval systems. 615 0$aApplication software. 615 14$aComputer Communication Networks. 615 24$aData Mining and Knowledge Discovery. 615 24$aDatabase Management. 615 24$aInformation Storage and Retrieval. 615 24$aComputer and Information Systems Applications. 676 $a005.7565 686 $a004$2sdnb 686 $aDAT 650f$2stub 686 $aSS 4800$2rvk 701 $aChen$b Lei$0788587 701 $aLiu$b Zhengfei$01756234 701 $aLiu$b Qing$0638233 701 $aDeng$b Ke$01756235 712 12$aDASFAA (Conference : Database systems) 801 0$bMiAaPQ 801 1$bMiAaPQ 801 2$bMiAaPQ 906 $aBOOK 912 $a9910484473803321 996 $aDatabase systems for advanced applications$94193445 997 $aUNINA